| 000 | 00825nam a2200241Ia 4500 | ||
|---|---|---|---|
| 003 | GCL | ||
| 005 | 20240530110912.0 | ||
| 008 | 140319s2008 ua g 000 0 ara d | ||
| 017 |
_a2008/17320 _bمصر. دار الكتب |
||
| 020 | _a9774274091 | ||
| 040 |
_aGCL / _cGCL |
||
| 082 | 0 | 4 |
_a229.7/ _bز ت _221 |
| 100 | 0 | _aزغلول راغب محمد النجار | |
| 245 | 1 | 0 |
_aتأملات فى كتاب الله / _cزغلول راغب محمد النجار |
| 250 | _aط.1 | ||
| 260 |
_aالقاهرة : _bالدار المصرية اللبنانية، _c2008. |
||
| 300 |
_a567 ص ؛ _c32 سم. |
||
| 650 | 0 | 7 |
_2qrmak _aالقران والعلم |
| 650 | 0 | 7 |
_2qrmak _aالقران _xاعجاز |
| 650 | 0 | 7 |
_2qrmak _aالقران _xتفسير |
| 942 |
_2ddc _cBK |
||
| 999 |
_c66327 _d66327 |
||